|
|
|
|
| LEADER |
01145nam a2200241 a 4500 |
| 001 |
00025396 |
| 008 |
120611s2007 ii a 000 0 eng d |
| 020 |
|
|
|a 8121928095
|
| 040 |
|
|
|a BD-DhAAL
|c BD-DhAAL
|
| 082 |
0 |
0 |
|a 580
|2 22
|
| 100 |
1 |
|
|a Pandey, B.P.
|q (Brahma Prakash)
|
| 245 |
1 |
0 |
|a Botany for degree students /
|c B.P. Pandey.
|
| 260 |
|
|
|a New Delhi :
|b S. Chand & Co.,
|c 2007.
|
| 300 |
|
|
|a ix, 851 p. :
|b ill. ;
|c 24 cm.
|
| 500 |
|
|
|a Includes question bank.
|
| 500 |
|
|
|a "For B. Sc. First Year Students As per UGC Model Curriculum."
|
| 541 |
|
|
|e 00025396
|
| 650 |
|
0 |
|a Botany
|
| 852 |
1 |
|
|a Ayesha Abed Library
|c General shelf.
|
| 999 |
|
|
|c 12374
|d 12374
|
| 952 |
|
|
|0 0
|1 0
|2 ddc
|4 0
|6 580_PAN
|7 0
|9 20460
|a BRACUL
|b BRACUL
|c GEN
|d 2012-06-11
|e BOOk VIEW
|g 700.00
|l 2
|o 580 PAN
|p 3010025396
|r 2025-03-04
|s 2025-03-02
|t 1
|w 2012-06-11
|y BK
|
| 952 |
|
|
|0 0
|1 0
|2 ddc
|4 0
|6 580_PAN
|7 0
|9 20461
|a BRACUL
|b BRACUL
|c GEN
|d 2012-06-11
|e BOOk VIEW
|g 700.00
|l 2
|m 14
|o 580 PAN
|p 3010025397
|r 2025-03-09
|s 2025-03-04
|t 2
|w 2012-06-11
|y BK
|
| 952 |
|
|
|0 0
|1 0
|2 ddc
|4 0
|6 580_PAN
|7 0
|9 20462
|a BRACUL
|b BRACUL
|c GEN
|d 2012-06-11
|e BOOk VIEW
|g 700.00
|l 1
|m 1
|o 580 PAN
|p 3010025398
|r 2012-09-25
|s 2012-09-19
|t 3
|w 2012-06-11
|y BK
|